A Quiz About Fashion - Statistics

General Stats
  • This quiz has been taken 40 times
  • The average score is 10 of 16
Answer Stats
Hint Answer % Correct
Italian luxury brand known for green-red-green stripe and double G logo Gucci
94%
French fashion house famous for little black dress and tweed jackets Chanel
92%
American brand known for blue jeans Levi's
83%
Iconic sneaker brand with swoosh logo Nike
78%
Italian fashion house known for bold prints and Medusa logo Versace
72%
Classic German sneaker brand with three stripes Adidas
69%
British luxury brand famous for trench coats and check pattern Burberry
67%
French luxury house famous for Birkin bag Hermès
64%
American designer known for Polo shirts and preppy style Ralph Lauren
64%
German designer, famous for his signature ponytail and sunglasses Karl Lagerfeld
50%
Luxury brand famous for monogrammed canvas handbags Louis Vuitton
50%
Iconic Scottish pattern often used in suits and kilts Tartan
50%
French designer famous for couture gowns and Bar suit Christian Dior
44%
Designer known for punk-inspired fashion in 1970s Vivienne Westwood
44%
French designer who founded a couture house famous for tuxedo jackets for women Yves Saint Laurent
39%
Japanese designer famous for avant-garde fashion and origami-like cuts Issey Miyake
14%
No matching quizzes found
Score Distribution
Percent of People with Each Score
Percentile by Number Answered
Your Score History
You have not taken this quiz